| 000 | 00367nam a2200145Ia 4500 | ||
|---|---|---|---|
| 008 | 220216s9999 xx 000 0 und d | ||
| 100 | _aMohankumar S. | ||
| 245 | 0 | _aRubberised coir foam industry making big strides | |
| 260 |
_bRubber Asia _c1994 |
||
| 300 | _a77-79 | ||
| 650 | _aCoir foam | ||
| 650 | _aKerala | ||
| 650 | _aRubber product industry | ||
| 942 | _cBS | ||
| 999 |
_c52187 _d52187 |
||